Αποτύπωση στοιχείων σε επιλεγμένα σχολικά εγχειρίδια της Ε΄ και Στ' τάξης του δημοτικού σχολείου σχετικών με τη ρύπανση διπλωματική εργασία [μεταπτυχιακή εργασία]
Αποθηκεύτηκε σε:
| Κύριος συγγραφέας: | |
|---|---|
| Συγγραφή απο Οργανισμό/Αρχή: | |
| Μορφή: | Thesis Βιβλίο |
| Γλώσσα: | Greek |
| Δημοσίευση: |
2016.
|
| Θέματα: | |
| Διαθέσιμο Online: | http://hdl.handle.net/11610/17969 |
| Ετικέτες: |
Προσθήκη ετικέτας
Δεν υπάρχουν, Καταχωρήστε ετικέτα πρώτοι!
|
MARC
| LEADER | 00000cam a2200000 a 4500 | ||
|---|---|---|---|
| 001 | 1/113468 | ||
| 008 | 170323s2016####gr | ||| |||| ||gre|| | ||
| 040 | |a GR-MyUa |b gre |c GR-MyUa |e AACR2 | ||
| 041 | 0 | |a gre | |
| 082 | 7 | |a 372.357 |2 (23) | |
| 100 | 1 | |a Μπαρκούτας, Αναστάσιος. | |
| 245 | 1 | 0 | |a Αποτύπωση στοιχείων σε επιλεγμένα σχολικά εγχειρίδια της Ε΄ και Στ' τάξης του δημοτικού σχολείου σχετικών με τη ρύπανση / μόλυνση των υδάτων και διερεύνηση των γνώσεων και αντιλήψεων μαθητών σε αντίστοιχα ζητήματα : |b διπλωματική εργασία [μεταπτυχιακή εργασία] / |c Μπαρκούτας Αναστάσιος ; επιβλέπων καθηγητής: Μόγιας Αθανάσιος. |
| 260 | |c 2016. | ||
| 300 | |a 160 σ. : |b πίν. ; |c 30 εκ. | ||
| 500 | |a Μέλη εξεταστικής επιτροπής: Παπαβασιλείου Βασίλης, Ανδρεαδάκης Νικόλαος. | ||
| 502 | # | # | |a Διατριβή (μεταπτυχιακή) – Πανεπιστήμιο Αιγαίου, Ρόδος, 2016. |
| 504 | |a Βιβλιογραφία: σ. 125-150. | ||
| 506 | 1 | |a Πλήρες κείμενο - Ενδοπανεπιστημιακή δημοσίευση - Να δημοσιοποιηθεί μετά τις 16/02/2047. | |
| 650 | 0 | |a Environmental education |x Study and teaching (Elementary) | |
| 650 | 0 | |a Sustainable development |x Study and teaching. | |
| 650 | 0 | |a Environmental education |x Activity programs |x Case studies. | |
| 650 | 0 | |a Education, Primary |x Activity programs. | |
| 650 | 0 | |a Water |x Pollution. | |
| 650 | 0 | |a Water quality management. | |
| 650 | 0 | |a Pollution |x Environmental aspects. | |
| 700 | 0 | |a Μόγιας, Αθανάσιος, |e dgs | |
| 710 | 2 | |a Πανεπιστήμιο Αιγαίου |b Σχολή Ανθρωπιστικών Επιστημών |b Τμήμα Επιστημών της Προσχολικής Αγωγής και του Εκπαιδευτικού Σχεδιασμού |b Πρόγραμμα Μεταπτυχιακών Σπουδών Περιβαλλοντική Εκπαίδευση. | |
| 852 | |a INST |b RHODES |c DIATR |e 20170323 |h 372.357 ΜΠΑ |p 005400039215 |q 005400039215 |t MTXE |y 23 | ||
| 856 | |u http://hdl.handle.net/11610/17969 | ||
| 924 | |a Μπαρκούτας |b Αναστάσιος |y Ρόδος |z 2016-10 | ||
| 970 | |z 23-03-2017 | ||